Aunt Safiyya and the monastery : (Record no. 15539)
[ view plain ]
| 000 -LEADER | |
|---|---|
| fixed length control field | 01565cam a2200397 a 4500 |
| 001 - CONTROL NUMBER | |
| control field | 3980373 |
| 003 - CONTROL NUMBER IDENTIFIER | |
| control field | EG-ScBUE |
| 005 - DATE AND TIME OF LATEST TRANSACTION | |
| control field | 20220228103253.0 |
| 007 - PHYSICAL DESCRIPTION FIXED FIELD--GENERAL INFORMATION | |
| fixed length control field | cr_||||||||||| |
| 008 - FIXED-LENGTH DATA ELEMENTS--GENERAL INFORMATION | |
| fixed length control field | 950731s1996 caub f s000 f eng d |
| 020 ## - INTERNATIONAL STANDARD BOOK NUMBER | |
| International Standard Book Number | 0520200756 |
| 020 ## - INTERNATIONAL STANDARD BOOK NUMBER | |
| International Standard Book Number | 9780520200753 |
| 040 ## - CATALOGING SOURCE | |
| Original cataloging agency | DLC |
| Language of cataloging | eng |
| Description conventions | rda |
| Transcribing agency | DLC |
| Modifying agency | DLC |
| -- | EG-ScBUE |
| 041 1# - LANGUAGE CODE | |
| Language code of text/sound track or separate title | eng |
| Language code of original and/or intermediate translations of text | ara |
| 082 04 - DEWEY DECIMAL CLASSIFICATION NUMBER | |
| Classification number | 892.736 |
| Edition number | 22 |
| Item number | TAH |
| 100 1# - MAIN ENTRY--PERSONAL NAME | |
| Personal name | Tahir, Baha |
| Dates associated with a name | 1935- |
| Relator term | author. |
| 9 (RLIN) | 24105 |
| 240 10 - UNIFORM TITLE | |
| Uniform title | <a href="Khalati Safiyah wa-al-dayr.">Khalati Safiyah wa-al-dayr.</a> |
| Language of a work | English |
| 245 10 - TITLE STATEMENT | |
| Title | Aunt Safiyya and the monastery : |
| Remainder of title | a novel / |
| Statement of responsibility, etc | Bahaa Taher ; translated from the Arabic by Barbara Romaine. |
| 264 #1 - PUBLICATION, DISTRIBUTION, ETC. (IMPRINT) | |
| Place of publication, distribution, etc | Berkeley : |
| Name of publisher, distributor, etc | University of California Press, |
| Date of publication, distribution, etc | 1996. |
| 300 ## - PHYSICAL DESCRIPTION | |
| Extent | xix, 124 pages : |
| Other physical details | maps ; |
| Dimensions | 22 cm. |
| 336 ## - CONTENT TYPE | |
| Source | rdacontent |
| Content type term | text |
| Content type code | txt |
| 337 ## - MEDIA TYPE | |
| Source | rdamedia |
| Media type term | unmediated |
| Media type code | n |
| 338 ## - CARRIER TYPE | |
| Source | rdacarrier |
| Carrier type term | volume |
| Carrier type code | nc |
| 490 0# - SERIES STATEMENT | |
| Series statement | Literature of the Middle East |
| 546 ## - LANGUAGE NOTE | |
| Language note | Text in English ; translated from the Arabic. |
| 650 #7 - SUBJECT ADDED ENTRY--TOPICAL TERM | |
| 9 (RLIN) | 10206 |
| Topical term or geographic name as entry element | Arabic fiction |
| General subdivision | Translation into English. |
| Source of heading or term | BUEsh |
| 651 ## - SUBJECT ADDED ENTRY--GEOGRAPHIC NAME | |
| Source of heading or term | BUEsh |
| 653 ## - INDEX TERM--UNCONTROLLED | |
| Arrived date list | June2011 |
| Resource For college | Arabic Literature |
| 655 ## - INDEX TERM--GENRE/FORM | |
| Form subdivision | Reading book |
| 9 (RLIN) | 34232 |
| 700 1# - ADDED ENTRY--PERSONAL NAME | |
| Personal name | Romaine, Barbara, |
| Dates associated with a name | 1959- |
| 9 (RLIN) | 24663 |
| Relator term | translator. |
| 856 42 - ELECTRONIC LOCATION AND ACCESS | |
| Materials specified | Contributor biographical information |
| Uniform Resource Identifier | <a href="http://www.loc.gov/catdir/bios/ucal051/95038100.html">http://www.loc.gov/catdir/bios/ucal051/95038100.html</a> |
| 856 42 - ELECTRONIC LOCATION AND ACCESS | |
| Materials specified | Publisher description |
| Uniform Resource Identifier | <a href="http://www.loc.gov/catdir/description/ucal041/95038100.html">http://www.loc.gov/catdir/description/ucal041/95038100.html</a> |
| 856 41 - ELECTRONIC LOCATION AND ACCESS | |
| Uniform Resource Identifier | <a href="http://ark.cdlib.org/ark:/13030/ft3b69n847">http://ark.cdlib.org/ark:/13030/ft3b69n847</a> |
| 942 ## - ADDED ENTRY ELEMENTS (KOHA) | |
| Source of classification or shelving scheme | Dewey Decimal Classification |
| Koha item type | Book - Borrowing |
| Withdrawn status | Lost status | Source of classification or shelving scheme | Damaged status | Not for loan | Collection code | Home library | Current library | Shelving location | Date acquired | Source of acquisition | Total Checkouts | Total Renewals | Full call number | Barcode | Date last seen | Date checked out | Price effective from | Koha item type |
|---|---|---|---|---|---|---|---|---|---|---|---|---|---|---|---|---|---|---|
| Dewey Decimal Classification | Baccah | Central Library | Central Library | Second Floor | 05/06/2011 | 1 | 2 | 892.736 TAH | 000023970 | 15/07/2025 | 11/04/2016 | 05/06/2011 | Book - Borrowing |